000 00341cam a22001217a 4500
008 180718b1951 xxu||||| |||| 00| 0 eng d
082 _aQ923x42 T249
100 _aTemplewood, Viscount
245 _aShadow of the gallows
_cby Viscount Templewood
260 _aLondon
_bVictor Gollancz
_c1951
300 _a159p.
650 _aCapital punishments
999 _c433831
_d433831